| 000 | 00544nam a2200181 a 4500 | ||
|---|---|---|---|
| 005 | 20210223125255.0 | ||
| 008 | 040216s2002 mx r 000 0 spa d | ||
| 020 | _a9993425257 | ||
| 035 | _aUPN01000131893 | ||
| 049 | _aCG | ||
| 050 | 4 |
_aPQ7409.3 C3.2 _bR4.3 |
|
| 100 | 1 |
_aCabrera, Carlos Enrique _931079 |
|
| 245 | 1 | 0 |
_aReflexiones de bolsillo / _cCarlos Enrique Cabrera. |
| 260 |
_aSanto Domingo : _bInstituto Tecnológico de Santo Domingo, _c2002. |
||
| 300 |
_a145 p. : _bil. |
||
| 650 | 4 |
_aLITERATURA DOMINICANA _916670 |
|
| 905 | _aLibro | ||
| 999 |
_c104048 _d104048 |
||